Statistiques concernant Les Candidats au 2ème tour des Présidentielles au moins 2 fois

Cliquez ici pour prendre le quiz!

Statistiques générales

  • Ce quiz a été pris 125 fois
  • Le résultat moyen est 6 sur 6

Statistiques - réponses

Réponse% Correct
Marine Le Pen
99%
Emmanuel Macron
98%
François Mitterrand
96%
Jacques Chirac
96%
Nicolas Sarkozy
96%
Valéry Giscard d'Estaing
90%

Distribution des résultats

Percentile par nombre de réponses

% des personnes avec chaque résultat

Votre développement - résultats

Vous n’avez pas pris ce quiz